banner koha

Avaliacao de gramineas submetidas a pastejo [Paspalum guenoarum, Paspalum dilatatum, Lolium multiflorum, Holco lanudo] (Registro n. 278161)

MARC details
000 -LÍDER
campo de controle de tamanho fixo 01098nac a22003257a 4500
001 - NÚMERO DE CONTROLE
campo de controle BR8404384
003 - IDENTIFICADOR DO NÚMERO DE CONTROLE
campo de controle BR-BrBNA
005 - DATA E HORÁRIO DA ÚLTIMA TRANSAÇÃO
campo de controle 20240105120147.0
008 - CAMPO DE DADOS FIXOS--INFORMAÇÃO GERAL
campo de controle de tamanho fixo 230509b bl.|||m| |||| 00| 0 por d
040 ## - FONTE DA CATALOGAÇÃO
Instituição da catalogação original BR-BrBNA
Idioma da catalogação por
Instituição que transcreveu o registro Biblioteca Nacional de Agricultura
072 ## - CÓDIGO DE CATEGORIA DE ASSUNTO
Código de Categoria de Assunto F01; L02
090 ## - NÚMERO DE CHAMADA LOCAL
Número de chamada 1930 BR8404384
100 1# - ENTRADA PRINCIPAL--NOME PESSOAL
Nome pessoal Coelho, R.W.
100 1# - ENTRADA PRINCIPAL--NOME PESSOAL
Nome pessoal Moraes, C.O.C.
100 1# - ENTRADA PRINCIPAL--NOME PESSOAL
Nome pessoal Goncalves Neto, J.O.
100 1# - ENTRADA PRINCIPAL--NOME PESSOAL
Nome pessoal Girardi-Deiro, A.M.
110 1# - ENTRADA PRINCIPAL--NOME CORPORATIVO
Nome corporativo ou nome da jurisdição Unidade de Execucao de Pesquisa de Ambito Estadual de Bage, RS (Brasil)
245 1# - TÍTULO
Título Avaliacao de gramineas submetidas a pastejo [Paspalum guenoarum, Paspalum dilatatum, Lolium multiflorum, Holco lanudo]
260 3# - PUBLICAÇÃO, DISTRIBUIÇÃO, ETC.
Local de publicação, distribuição, etc. Bage, RS (Brasil):
Data da publicação, distribuição, etc. 1984.
300 ## - DESCRIÇÃO FÍSICA
Extensão 6 p.
490 ## - TÍTULO DA SÉRIE
Título da série Pesquisa em Andamento - Unidade de Execucao de Pesquisa de Ambito Estadual de Bage (Brazil)
Número do volume ou designação sequencial da série no. 1
ISSN - International Standard Serial Number ISSN 0101-9740
650 ## - ASSUNTO--TERMO TÓPICO
Cabeçalho tópico ou nome geográfico GRAMINEA FORRAGEIRA
650 ## - ASSUNTO--TERMO TÓPICO
Cabeçalho tópico ou nome geográfico AZEVEM
650 ## - ASSUNTO--TERMO TÓPICO
Cabeçalho tópico ou nome geográfico CAPIM LANUDO
650 ## - ASSUNTO--TERMO TÓPICO
Cabeçalho tópico ou nome geográfico CORTE
650 ## - ASSUNTO--TERMO TÓPICO
Cabeçalho tópico ou nome geográfico MATERIA SECA
650 ## - ASSUNTO--TERMO TÓPICO
Cabeçalho tópico ou nome geográfico PASTEJO
909 ## -
-- 202312
-- Lúcia Elande
-- 55
-- Lúcia Elande
942 ## - ELEMENTOS DE ENTRADA ADICIONADOS (KOHA)
Fonte da classificação ou esquema de arquivamento na estante Classificação AGRIS
Ocultar no OPAC Não
Tipo de material Koha Monografia Seriada
Exemplares
Situação do descarte Fonte da classificação ou esquema de arquivamento na estante Situação física Não pode ser emprestado Coleção Biblioteca de origem Biblioteca atual Localização na estante Total de empréstimos Número de telefone completo Código de barras Data de último acesso Tipo de material Koha Fonte de aquisição
  Classificação AGRIS       Biblioteca Nacional de Agricultura - Binagri Biblioteca Nacional de Agricultura - Binagri Agrobase - Acervo Geral   1930 BR8404384 1930 BR8404384 18/12/2023 Monografia Seriada Portaria Interministerial nº 164/94

BINAGRI

Telefone: (61)3218-2567/2388/3357/2097 - binagri@agro.gov.br

Ministério da Agricultura e Pecuária , Esplanada dos Ministérios, Bloco D, Anexo B, Brasília/DF, CEP: 70.043-900